[Event "CZE-ch Juniors op-A"]
[Site "Sec u Chrudimi"]
[Date "2007.03.16"]
[Round "8"]
[White "Trepka, Jan"]
[Black "Vanek, Marian"]
[Result "1-0"]
[WhiteElo "2082"]
[BlackElo "1887"]
[PlyCount "69"]
[EventDate "2007.03.10"]
[EventType "swiss"]
[EventRounds "9"]
[EventCountry "CZE"]
[SourceTitle "EXT 2008"]
[Source "ChessBase"]
[SourceDate "2007.11.25"]
[SourceVersion "1"]
[SourceVersionDate "2007.11.25"]
[SourceQuality "1"]

1. d4 Nf6 2. c4 g6 3. Nc3 d5 4. Nf3 Bg7 5. Bf4 0-0 6. e3 Bg4 7. Be2 dxc4 8. Bxc4 c5 9. d5 Nbd7 10. e4 Ne8 11. Be2 f5 12. Ng5 Qb6 13. Qc2 Bxe2 14. Qxe2 fxe4 15. Ne6 Rxf4 16. Nxf4 Qd6 17. Qxe4 Kh8 18. Nfe2 Ne5 19. f4 Ng4 20. 0-0 c4 21. Qf3 Nef6 22. Kh1 Qc5 23. h3 Ne3 24. Na4 Qb4 25. Qxe3 Qxa4 26. Nc3 Qb4 27. Rfe1 b5 28. Re2 Re8 29. Qxa7 Nh5 30. Qe3 Qa5 31. g4 Nf6 32. Qc5 Nd7 33. Qxb5 Bxc3 34. Qxd7 Rd8 35. Qc6 1-0

[Event "CZE-ch Juniors op-A"]
[Site "Sec u Chrudimi"]
[Date "2007.03.12"]
[Round "3"]
[White "Vanek, Marian"]
[Black "Sikula, Frantisek"]
[Result "1-0"]
[WhiteElo "1887"]
[BlackElo "1759"]
[PlyCount "59"]
[EventDate "2007.03.10"]
[EventType "swiss"]
[EventRounds "9"]
[EventCountry "CZE"]
[SourceTitle "EXT 2008"]
[Source "ChessBase"]
[SourceDate "2007.11.25"]
[SourceVersion "1"]
[SourceVersionDate "2007.11.25"]
[SourceQuality "1"]

1. e4 c5 2. Nc3 Nc6 3. f4 e6 4. Nf3 d5 5. Bb5 Nge7 6. exd5 Nxd5 7. Bxc6+ bxc6 8. Ne5 Qc7 9. 0-0 Bd6 10. Ne4 Bxe5 11. fxe5 Qxe5 12. d3 0-0 13. Qf3 Ba6 14. c4 f5 15. Nxc5 Qd4+ 16. Qf2 Qxf2+ 17. Rxf2 Nc7 18. Bf4 Rac8 19. Bxc7 Rxc7 20. Nxa6 Re7 21. Re1 g5 22. Rfe2 Rf6 23. Nc5 Kf7 24. a3 h5 25. b4 g4 26. d4 h4 27. d5 cxd5 28. cxd5 f4 29. d6 Re8 30. d7 1-0

[Event "Ricany op-A"]
[Site "Ricany"]
[Date "2006.08.30"]
[Round "7"]
[White "Vlcek, Jan"]
[Black "Vanek, Marian"]
[Result "0-1"]
[WhiteElo "1673"]
[BlackElo "1843"]
[PlyCount "42"]
[EventDate "2006.08.24"]
[EventType "swiss"]
[EventRounds "9"]
[EventCountry "CZE"]
[SourceTitle "EXT 2007"]
[Source "ChessBase"]
[SourceDate "2006.11.23"]
[SourceVersion "1"]
[SourceVersionDate "2006.11.23"]
[SourceQuality "1"]

1. e4 c5 2. Nf3 Nc6 3. d4 cxd4 4. Nxd4 g6 5. Be3 Bg7 6. Nc3 Nf6 7. f3 0-0 8. Qd2 d5 9. exd5 Nxd5 10. Nxc6 bxc6 11. 0-0-0 Bf5 12. Nxd5 cxd5 13. Qxd5 Rc8 14. c4 Qc7 15. b3 e6 16. Qd2 Rfd8 17. Qf2 Rxd1+ 18. Kxd1 Rd8+ 19. Kc1 Qe5 20. Bd4 Rxd4 21. Qe2 Bh6+ 0-1

[Event "Ricany op-A"]
[Site "Ricany"]
[Date "2006.08.27"]
[Round "4"]
[White "Vanek, Marian"]
[Black "Boucek, Vlastimil"]
[Result "1-0"]
[WhiteElo "1843"]
[BlackElo "2033"]
[PlyCount "80"]
[EventDate "2006.08.24"]
[EventType "swiss"]
[EventRounds "9"]
[EventCountry "CZE"]
[SourceTitle "EXT 2007"]
[Source "ChessBase"]
[SourceDate "2006.11.23"]
[SourceVersion "1"]
[SourceVersionDate "2006.11.23"]
[SourceQuality "1"]

1. e4 Nf6 2. e5 Nd5 3. d4 d6 4. Nf3 Bg4 5. Bc4 e6 6. h3 Bh5 7. Qe2 Nb6 8. Bb5+ c6 9. Bd3 d5 10. Be3 N6d7 11. Nbd2 c5 12. c3 Nc6 13. g4 Bg6 14. Bxg6 hxg6 15. Bg5 Qb6 16. dxc5 Nxc5 17. 0-0-0 a5 18. Nd4 a4 19. f3 a3 20. b3 Nxd4 21. cxd4 Na6 22. Nb1 Rc8+ 23. Kd2 Qxd4+ 24. Ke1 Qb6 25. Be3 Bb4+ 26. Kf2 Qa5 27. Kg3 Rc6 28. Bd4 0-0 29. h4 Rfc8 30. h5 Rc2 31. Qe3 Qb5 32. Nd2 Rxa2 33. h6 Bf8 34. hxg7 Bxg7 35. Rh2 Rcc2 36. Qg5 Qe8 37. Be3 Nc5 38. Rdh1 Nd7 39. f4 f6 40. Qh4 Qf7 1-0

[Event "CZE-ch Juniors op-A"]
[Site "Zlate Hory"]
[Date "2006.03.17"]
[Round "8"]
[White "Vanek, Marian"]
[Black "Zakoucka, Adela"]
[Result "1/2-1/2"]
[WhiteElo "1792"]
[BlackElo "2013"]
[PlyCount "20"]
[EventDate "2006.03.11"]
[EventType "swiss"]
[EventRounds "9"]
[EventCountry "CZE"]
[SourceTitle "EXT 2008"]
[Source "ChessBase"]
[SourceDate "2007.11.25"]
[SourceVersion "1"]
[SourceVersionDate "2007.11.25"]
[SourceQuality "1"]

1. e4 c5 2. Nf3 Nc6 3. d4 cxd4 4. Nxd4 g6 5. c4 Nf6 6. Nc3 Nxd4 7. Qxd4 d6 8. Be3 Bg7 9. f3 0-0 10. Qd2 Be6 1/2-1/2

[Event "CZE-ch Juniors op-A"]
[Site "Zlate Hory"]
[Date "2006.03.14"]
[Round "4"]
[White "Valenta, Petr"]
[Black "Vanek, Marian"]
[Result "0-1"]
[WhiteElo "1966"]
[BlackElo "1792"]
[PlyCount "74"]
[EventDate "2006.03.11"]
[EventType "swiss"]
[EventRounds "9"]
[EventCountry "CZE"]
[SourceTitle "EXT 2008"]
[Source "ChessBase"]
[SourceDate "2007.11.25"]
[SourceVersion "1"]
[SourceVersionDate "2007.11.25"]
[SourceQuality "1"]

1. c4 c5 2. g3 Nf6 3. Bg2 d5 4. cxd5 Nxd5 5. b3 Nc6 6. Bb2 e5 7. Nc3 Nc7 8. Rc1 Be7 9. e3 Bf5 10. a3 0-0 11. Nge2 Bd3 12. 0-0 Na5 13. Na4 c4 14. b4 Nb3 15. Bxe5 Nxc1 16. Nxc1 Bxf1 17. Qxf1 Bd6 18. Bb2 Qd7 19. Nc3 Be5 20. Qxc4 Qxd2 21. Nd3 Bxc3 22. Bxc3 Qd1+ 23. Ne1 Ne6 24. Bxb7 Rab8 25. Ba6 Rbd8 26. Bb7 Rd7 27. Bc6 Rc7 28. b5 Nd8 29. Qf4 Ne6 30. Qe5 Qc1 31. f4 Re8 32. Bb4 Rxc6 33. bxc6 Qxc6 34. Kf2 f6 35. Qh5 Rd8 36. Qa5 a6 37. h4 Rd5 0-1